|
|
|
|
| LEADER |
00742cam a2200169 7i4500 |
| 001 |
0000021651 |
| 005 |
20080916090000.0 |
| 090 |
0 |
0 |
|a MAT 658.8
|b MAL
|
| 100 |
2 |
0 |
|a Malaysia External Trade Development Corporation [MATRADE]
|
| 245 |
2 |
0 |
|a Marketing Excellence : for Greater International Marketing Success [ 23 - 24th April 2007 : Kuala Lumpur , Room Paris 1 & 2 Menara MATRADE.
|
| 260 |
0 |
0 |
|a Kuala Lumpur:
|b MATRADE,
|c 2007.
|
| 300 |
# |
# |
|a [v.p].
|
| 650 |
0 |
0 |
|a Marketing --
|x Seminar papers
|
| 650 |
0 |
0 |
|a Customer services --
|x Marketing --
|x Seminar papers
|
| 650 |
0 |
0 |
|a Internet --
|x Seminar papers
|
| 999 |
|
|
|a 0000022182
|b Book
|c MATRADEs Collection
|e Business Information Centre
|
| 999 |
|
|
|a 0000022180
|b Book
|c MATRADEs Collection
|e Business Information Centre
|